| 000 | 00619nam a2200205 a 4500 | ||
|---|---|---|---|
| 001 | 1824 | ||
| 003 | CDMR | ||
| 005 | 20131205093839.0 | ||
| 008 | 130130s2008||||||||||||||||||||||||spa|d | ||
| 020 | _a9788425222870 | ||
| 040 |
_aCDMR _bcat _cCPC |
||
| 100 | 1 |
_9977 _aFontcuberta, Joan |
|
| 245 | 1 | 0 |
_aHistorias de la fotografía española _b: escritos 1977-2004 _cJoan Fontcuberta ; edición a cargo de Jorge Ribalta |
| 260 |
_aBarcelona _bGustavo Gili _cDL 2008 |
||
| 300 | _a394 p. | ||
| 490 | 0 | _aFotoGGrafia | |
| 650 | 0 | 4 |
_93144 _aFotografia _xHistòria _zEspanya |
| 700 | 1 |
_93315 _aRibalta, Jorge _eed. |
|
| 942 |
_cMON _2udc |
||
| 999 |
_c1824 _d1824 |
||